Normal view
MARC view
- DCE TEXTBOOK. DIGITAL SIGNAL PROCESSING
Entry Topical Term
001 - CONTROL NUMBER
- control field: 111576
003 - CONTROL NUMBER IDENTIFIER
- control field: NUST
005 - DATE AND TIME OF LATEST TRANSACTION
- control field: 20230330110333.0
008 - FIXED-LENGTH DATA ELEMENTS
- fixed length control field: 230330|| aca||aabn | a|a d
040 ## - CATALOGING SOURCE
- Original cataloging agency: NUST
- Transcribing agency: NUST
150 ## - HEADING--TOPICAL TERM
- Topical term or geographic name entry element: DCE TEXTBOOK. DIGITAL SIGNAL PROCESSING
670 ## - SOURCE DATA FOUND
- Source citation: Work cat.: (NUST): Mitra Sanjit K. 222, Digital Signal Processing:, 2015.
